000 01042nam a22003377a 4500
001 4752655
003 OSt
005 20210423061706.0
008 850425t19851981nyuaf 001 0 eng
010 _a 85042962
020 _a0847806529
040 _aDLC
_cDLC
_dDLC
_beng
041 1 _aengspa
050 0 0 _aN6853.P5
_bP34713 1985
080 _a7
_bF-11
082 0 0 _a709/.2/4
_219
100 1 _aPalau i Fabre, Josep,
_d1917-2008.
240 1 0 _aPicasso.
_lEnglish
245 1 0 _aPicasso /
_cJosep Palau i Fabre ; translation by Kenneth Lyons.
_b/ by: Rizzoli
260 _aNew York
_bRizzoli
_c1985, c1981.
300 _a21, [1] p., [103] pages of plates
_bcol. ill.
_c31 cm.
365 _b14.95 usd
500 _aTranslation of: Picasso.
500 _aIncludes index.
600 1 0 _aPicasso, Pablo,
_d1881-1973
_xCriticism and interpretation.
650 0 _9447
_aArt
653 _aხელოვნება
700 1 _aPicasso, Pablo,
_d1881-1973.
906 _a7
_bcbc
_corignew
_d1
_eocip
_f19
_gy-gencatlg
942 _2udc
_cBK
999 _c1595
_d1595